000
00312nam a2200121Ia 4500
005
20251222143224.0
008
251222s9999||||xx |||||||||||||| ||spa||
082
_a
335.09/B45
100
_a
Beer, Max
245
0
_a
Historia General del Socialismo y de las Luchas Sociales
264
_b
Siglo Veinte
942
_c
LIB
999
_c
13914
_d
13914